| 000 | 00573nam a2200169 i 4500 | ||
|---|---|---|---|
| 001 | 129268 | ||
| 003 | ES-MaACL | ||
| 005 | 20230906193453.0 | ||
| 007 | t| | ||
| 008 | 070611s1945 sp ||||1| spa d | ||
| 100 | 1 |
_aTemiño Saiz, Angel. _9109669 |
|
| 245 | 1 | 3 |
_aLa causalidad de los Sacramentos y el Cuerpo místico _b: discurso inaugural del curso académico 1945-1946 / _cAngel Temiño Saiz. |
| 260 |
_aBurgos : _bSeminario Metropolitano, _c[1945] |
||
| 300 |
_a61 p. ; _c25 cm. |
||
| 710 | 2 |
_aSeminario Metropolitano. _96566 |
|
| 852 |
_aES-MaACL _j1858-F-1 _bR.22470 |
||
| 999 |
_c129268 _d129268 |
||